000 00356nam a2200145Ia 4500
008 150201s2008 xx 000 0 und d
082 _a610.7367
_bI08L
100 _aLINTON , ADIANNE DILL
245 _aINTRODUCTION MEDICAL SURGICAL NURSING
250 _a4TH
260 _bELSEVIER
_aINDIA
_c2008
300 _a1346
650 _aSURGERY
942 _2ddc
_cBK
999 _c1970
_d1970